<?xml version="1.0" encoding="UTF-8"?>
<collection xmlns="http://www.loc.gov/MARC21/slim">
 <record>
  <leader>02128nam a2200205Ia 4500</leader>
  <controlfield tag="001">CTU_100480</controlfield>
  <controlfield tag="008">210402s9999    xx            000 0 und d</controlfield>
  <datafield tag="020" ind1=" " ind2=" ">
   <subfield code="c">583000</subfield>
  </datafield>
  <datafield tag="082" ind1=" " ind2=" ">
   <subfield code="a">005.2768</subfield>
  </datafield>
  <datafield tag="082" ind1=" " ind2=" ">
   <subfield code="b">B372</subfield>
  </datafield>
  <datafield tag="100" ind1=" " ind2=" ">
   <subfield code="a">Beauchemin, Bob</subfield>
  </datafield>
  <datafield tag="245" ind1=" " ind2="2">
   <subfield code="a">A first look at SQL server 2005 for developers</subfield>
  </datafield>
  <datafield tag="245" ind1=" " ind2="0">
   <subfield code="c">Bob Beauchemin, Niels Berglund, Dan Sullivan</subfield>
  </datafield>
  <datafield tag="260" ind1=" " ind2=" ">
   <subfield code="a">Boston ; London</subfield>
  </datafield>
  <datafield tag="260" ind1=" " ind2=" ">
   <subfield code="b">Addison-Wesley</subfield>
  </datafield>
  <datafield tag="260" ind1=" " ind2=" ">
   <subfield code="c">2004</subfield>
  </datafield>
  <datafield tag="520" ind1=" " ind2=" ">
   <subfield code="a">Be the first to master SQL Server 2005's breakthrough database development capabilities Few technologies have been as eagerly anticipated as Microsoft SQL Server 2005 (&quot;Yukon&quot;). Now, three SQL Server insiders deliver the definitive hands-on preview--accurate, comprehensive, and packed with examples. A First Look at SQL Server 2005 for Developers starts where Microsoft's white papers and Web articles leave off, showing working developers how to take full advantage of Yukon's key innovations. It draws on exceptional cooperation from Microsoft's Yukon developers and the authors' hands-on access to Yukon since its earliest alpha releases. You'll find practical explanations of Yukon's new data model, built-in .NET hosting, improved programmability, SQL-99 compliance, and much more. Virtually every key concept is illuminated via sample code tested with Microsoft's public beta. Key coverage includes: *Yukon as .NET runtime host: enhancing security, reliability, and performance *Writing procedures, functions, and triggers in .N ET languages *Leveraging powerful new enhancements to T-SQL *The XML data type and XML query languages *SQL Server 2005 as a Web Services platform *Client-side coding: ADO/ADO.NET enhancements, SQLXML, mapping, ObjectSpaces, and more *Using SQL Server 2005's built-in application server capabilities Already committed to SQL Server 2005? Simply evaluating it? Looking to set yourself apart from other SQL Server developers? Whatever your goal, start right here--today. 0321180593B04152004</subfield>
  </datafield>
  <datafield tag="650" ind1=" " ind2=" ">
   <subfield code="a">Sql server,Client/server computing,Relational databases</subfield>
  </datafield>
  <datafield tag="904" ind1=" " ind2=" ">
   <subfield code="i">Truc</subfield>
  </datafield>
  <datafield tag="980" ind1=" " ind2=" ">
   <subfield code="a">Trung tâm Học liệu Trường Đại học Cần Thơ</subfield>
  </datafield>
 </record>
</collection>
